| 000 | 00769nam a2200229 a 4500 | ||
|---|---|---|---|
| 001 | 13232 | ||
| 003 | BD-JhCC | ||
| 005 | 20230730123052.0 | ||
| 008 | 170924s2012 bg | |||| 000 0 ben d | ||
| 020 | _a9789848812761 | ||
| 035 | _a(BD-JhCC)13231 | ||
| 040 |
_aBD-JhCC _cBD-JhCC _dBD-JhCC |
||
| 041 | _aben | ||
| 082 |
_a891.4437 _bIQB 2012 _223 |
||
| 100 | _aইকবাল, মুহম্মদ জাফর | ||
| 245 |
_aআমড়া ও ক্র্যাব নেবুলা / _cমুহম্মদ জাফর ইকবাল |
||
| 260 |
_aঢাকা : _bঅবসর প্রকাশনী, _c২০১২. |
||
| 300 |
_a৭৮ পৃ. _c২২ সেমি |
||
| 650 | _aScience Fiction, Bengali | ||
| 942 |
_2ddc _cBK _08 |
||
| 999 |
_c13232 _d13232 |
||